LEADER 00844nam a2200229 i 4500 001 000000180933 003 CaOOAMICUS 005 20090803000000.0 008 090803s1969 it u000 u ita u 013 $a158679 040 $aSeMil$bita 100 0 $aPaulus VI,$c.$0(OLS)http://semarc/name/803 245 10$a1969 :$bgennaio-giugno /$cPaulus 6. 300 $a421 p. 773 0 $aPaulus VI $tEncicliche e discorsi di Sua Santità Paolo 6..$dRoma : Paoline, 1963.$g18$w()21804 850 $aSeMil 852 $aSeMil$W1$xVenegono$y1$m2A IV 50/1$j131681$B131681$CSeMilBibl$Z2$F143568 $81 900 1 $aMontini, Giovanni Battista,$d<1897-1978>. 900 0 $aPaolo VI$c. 996 $6245$a1969 :$bgennaio-giugno$9(OLS)http://semarc/title/259798 LEADER 00849nam a2200205 i 4500 001 000000249844 003 CaOOAMICUS 005 20160628000000.0 008 160628s1868 xx u000 u lat u 013 $a228749 040 $aSeMil$bita 245 10$aVol. 2. 300 $a582 p. 500 $aLascito Card. C.M. Martini. 773 0 $tCommentarium actorum omnium canonizationis sanctorum Josaphat Runcewicz ... Et Germanae Cousin virginum quam solemniter celebratvit sanctissimus dominum noster Pius papa 9. ... opera et studio Dominici Bartolini ..$dRomae : Excudebant Officinatores Mensae Apostolicae, 1868.$g2$w()27968 850 $aSeMil 852 $aSeMil$W1$xVenegono$y1$m2H V 4 FA$j200190$B200190$CSeMilBibl$Z2$F211747 $8I 941 1 $a4 961 $aLascito: Martini Card. Carlo Maria 996 $6245$aVol. 2$9(OLS)http://semarc/title/13458